000 01526aam a2200349 i 4500
001 768714001
003 CO-MdFUSB
005 20231130120449.0
007 ta
008 231101t19991999spa||||g |||| 00| 0 spa d
020 _a843213189X
040 _aCO-MdFUSB
_bspa
_cCO-MdFUSB
_dCO-MdFUSBC
_erda
041 _aspa
082 _223
_a361.26
_bL864
100 _aLópez Quintás, Alfonso,
_eautor
245 _aManual de formación ética del voluntario
_c/ Alfonso López Quintás
250 _aSegunda edición
264 1 _aMadrid, España :
_bEdiciones Rialp,
_c[1999]
264 4 _c©1999
300 _a182 páginas
_c; 22 cm
336 _2rdacontent
_atexto
_btxt
337 _2rdamedia
_asin mediación
_bn
338 _2rdacarrier
_avolumen
_bnc
504 _aIncluye índice y bibliografía
505 _aEl voluntario necesita una formación integral -- El voluntario debe tener libertad interior y poder de discernimiento -- El perfil del voluntario y el encuentro personal -- El encuentro, clave del desarrollo personal -- Las exigencias del encuentro y las condiciones del voluntario -- Los frutos del encuentro y las aptitudes y actitudes del voluntario -- La vida del voluntario debe estar impulsada por el ideal de la unidad y la solidaridad -- El voluntario debe actuar con libertad interior -- La conducta del voluntario ha de ser creativa.
563 _aRústico.
650 7 _9186
_aÉtica social.
653 _aEducación moral,
653 _aVoluntariado,
942 _cBK
945 _asor1564
999 _c69248
_d69248